000 00844nam a2200265Ia 4500
003 OSt
005 20220928115230.0
006 a|||||r|||| 00| 0
007 ta
008 220927b |||||||| |||| 00| 0 eng d
020 _c5246.1599999999999
024 _a127985
037 _b1668, 31/12/2015, The Book Seller
_cTextual
040 _aSDCL
_cSDCL
_beng
041 _2eng
_aeng
082 _aY:45.1'P, Q5
100 _aBichler Gisela Ed.
_9443503
245 0 _aDisrupting criminal networks
_b Network analysis in crime prevention
260 _aBoulder
_bFirst Forum Press
_c2015
300 _ax;282p.
_ccm.
650 _aApp Psychology
700 _a Malm Aili E. Ed.
_9443504
942 _hY:45.1'P, Q5
_cTEXL
_2CC
999 _c758644
_d758644